LEADER 00989nam a2200229 i 4500 001 000000146671 003 CaOOAMICUS 005 20060112000000.0 008 060112s2004 it u000 u ita u 013 $a123484 040 $aSeMil$bita 245 10$aRosarium Virginis Mariae :$blettera apostolica sul Santo Rosario. 300 $a189 p. 490 0 $aLe catechesi del Papa ;$v4.[3] 500 $aAppendici : Paolo 6. ; Giovanni 23. ; Pio 12. ; Pio 11. ; Leone 13. 650 4$aRosario.$0(OLS)http://semarc/subject/8125 773 0 $aIoannes Paulus II $tBellissima tra le donne.$dNapoli : Chirico, 2004.$g3$w()15183 830 3$aLe catechesi del Papa ;$v4.[3].$0(OLS)http://semarc/title/20123 850 $aSeMil 852 $aSeMil$W1$xVenegono$y1$m1339 1 4.3 *$j99304$B99304$CSeMilBibl$Z2$F107756 $81 961 $aLascito: Mondonico don Giorgio 996 $6245$aRosarium Virginis Mariae :$blettera apostolica sul Santo Rosario$9(OLS)http://semarc/title/214467 LEADER 01223nam a2200253 i 4500 001 000000001396 003 CaOOAMICUS 005 20180830125434.0 008 180830s1967 xxu u000 u und u 040 $aSeMil$bita 245 10$aOpera theologica. 700 1 $aGuillelmus : de Occam .$0(OLS)http://semarc/name/89160 773 0 $aGuillelmus : de Occam $tOpera philosophica et theologica.$w()1278 774 0 $tScriptum in Librum primum Sententiarum ordinatio.$g1$w()68199 774 0 $tQuodlibeta septem.$g9$w()68215 774 0 $tScriptum in librum primum sententiarum ordinatio..$g2$w()68271 774 0 $tScriptum in Librum primum Sententiarum ordinatio.$g3$w()68284 774 0 $tScriptum in Librum primum Sententiarum ordinatio.$g4$w()68287 774 0 $tQuaestiones in Librum secundum Sententiarum (Reportatio).$g5$w()68289 774 0 $tQuaestiones in Librum tertium Sententiarum (reportatio).$g6$w()68290 774 0 $tQuaestiones in Librum quartum Sententiarum (Reportatio).$g7$w()68291 774 0 $tQuaestiones variae.$g8$w()68292 774 0 $tTractatus de quantitate et tractatus de Corpore Christi.$g10$w()68303 996 $6245$aOpera theologica$9(OLS)http://semarc/title/2243 LEADER 01113nam a2200277 i 4500 001 000000124915 003 CaOOAMICUS 005 20051122000000.0 008 051122s1996 it u000 u fre u 013 $a97613 020 $a2-951-000-5 040 $aSeMil$bita 100 1 $aGaraudy, Roger <1913-2012>.$0(OLS)http://semarc/name/24717 245 14$aLes mythes fondateurs de la politique israélienne /$cRoger Garaudy. 260 $a[S.l.] :$bSamiszdat,$c1996. 300 $a277 p. ;$c23 cm. 500 $aContiene : Bibliographie. - Fondo Card. C.M. Martini. 650 4$aIsraele - Sec. 20.$0(OLS)http://semarc/subject/29422 650 4$aSionismo.$0(OLS)http://semarc/subject/18037 850 $aSeMil 852 $aSeMil$W1$xVenegono$y1$m3U IV 356$j79429$B79429$CSeMilBibl$Z2$F106252 $81 941 1 $a4 961 $aOmaggio: Martini Card. Carlo Maria 996 $6020$a2-951-000-5$9(OLS)http://semarc/number/110755 996 $6245$aLes mythes fondateurs de la politique israélienne$9(OLS)http://semarc/title/183900 996 $6260$a[S.l.] :$bSamiszdat$9(OLS)http://semarc/publisher/46393